The escape (Record no. 529800)

000 -LEADER
fixed length control field 01738cim a2200397 a 4500
001 - CONTROL NUMBER
control field 19477261
003 - CONTROL NUMBER IDENTIFIER
control field NUST
005 - DATE AND TIME OF LATEST TRANSACTION
control field 20191003120326.0
007 - PHYSICAL DESCRIPTION FIXED FIELD--GENERAL INFORMATION
fixed length control field sd fsngnnmmned
008 - FIXED-LENGTH DATA ELEMENTS--GENERAL INFORMATION
fixed length control field 170202s2014 nyunnn| f | eng
010 ## - LIBRARY OF CONGRESS CONTROL NUMBER
LC control number 2017616465
024 3# - OTHER STANDARD IDENTIFIER
Standard number or code 9781478904625
028 02 - PUBLISHER NUMBER
Publisher number 2-X0462
Source Hachette Audio
038 ## - RECORD CONTENT LICENSOR
Staff Name waseem
040 ## - CATALOGING SOURCE
Original cataloging agency DLC
Transcribing agency DLC
043 ## - GEOGRAPHIC AREA CODE
Geographic area code n-us---
050 00 - LIBRARY OF CONGRESS CALL NUMBER
Classification number SDC 78257
082 ## - DEWEY DECIMAL CLASSIFICATION NUMBER
Classification number 813.54
Author Mark BAL
100 1# - MAIN ENTRY--PERSONAL NAME
Personal name Baldacci, David.
9 (RLIN) 6689
245 14 - TITLE STATEMENT
Title The escape
Medium [sound recording] /
Statement of responsibility, etc. David Baldacci.
260 ## - PUBLICATION, DISTRIBUTION, ETC.
Place of publication, distribution, etc. New York :
Name of publisher, distributor, etc. Hachette Audio,
Date of publication, distribution, etc. p2014.
300 ## - PHYSICAL DESCRIPTION
Extent 9 sound discs (ca. 9 hr., 30 min.) :
Other physical details digital ;
Dimensions 4 3/4 in.
306 ## - PLAYING TIME
Playing time 093000
500 ## - GENERAL NOTE
General note Compact discs.
500 ## - GENERAL NOTE
General note Abridged.
511 0# - PARTICIPANT OR PERFORMER NOTE
Participant or performer note Read by Ron McLarty with Orlagh Cassidy.
520 ## - SUMMARY, ETC.
Summary, etc. John Puller's older brother, Robert, was convicted of treason. His inexplicable escape from prison makes him the most wanted criminal in the country. Some in the government believe that John Puller represents their best chance at capturing Robert alive, and so Puller must bring in his brother to face justice. But Puller quickly discovers that his brother is pursued by others who don't want him to survive. Puller is in turn pushed into an uneasy, fraught partnership with another agent, who may have an agenda of her own.
610 10 - SUBJECT ADDED ENTRY--CORPORATE NAME
Corporate name or jurisdiction name as entry element United States.
Subordinate unit Army Criminal Investigation Command
Form subdivision Fiction.
9 (RLIN) 22626
650 #0 - SUBJECT ADDED ENTRY--TOPICAL TERM
Topical term or geographic name entry element Escaped prisoners
Form subdivision Fiction.
9 (RLIN) 22627
650 #0 - SUBJECT ADDED ENTRY--TOPICAL TERM
Topical term or geographic name entry element Brothers
Form subdivision Fiction.
9 (RLIN) 8009
655 #7 - INDEX TERM--GENRE/FORM
Genre/form data or focus term Suspense fiction.
Source of term gsafd
9 (RLIN) 4577
655 #7 - INDEX TERM--GENRE/FORM
Genre/form data or focus term Mystery fiction.
Source of term gsafd
9 (RLIN) 5621
906 ## - LOCAL DATA ELEMENT F, LDF (RLIN)
a 7
b cbc
c orignew
d 3
e ncip
f 20
g y-soundrec
942 ## - ADDED ENTRY ELEMENTS (KOHA)
Source of classification or shelving scheme
Koha item type Book
Holdings
Withdrawn status Lost status Source of classification or shelving scheme Damaged status Not for loan Permanent Location Current Location Shelving location Date acquired Source of acquisition Total Checkouts Total Renewals Full call number Barcode Checked out Date last seen Date last checked out Price effective from Koha item type
          Central Library (CL) Central Library (CL) Fiction 10/03/2019 Donation 3 2 813.54 BAL CL-D-612 06/21/2022 05/22/2022 05/22/2022 10/03/2019 Book
© 2023 Central Library, National University of Sciences and Technology. All Rights Reserved.